|
|
|
|
| LEADER |
01096naa a2200217 i 4500 |
| 001 |
acta87461 |
| 005 |
20250526153325.0 |
| 008 |
250526s2025 hu o 100 hun d |
| 020 |
|
|
|a 978-963-688-043-9
|
| 040 |
|
|
|a SZTE Egyetemi Kiadványok Repozitórium
|b hun
|
| 041 |
|
|
|a hun
|
| 100 |
1 |
|
|a Kolek Alina Dóra
|
| 245 |
1 |
2 |
|a A Harry Potter és a gyerekirodalom - A Harry Potter-sorozat stílusjegyeinek vizsgálata
|h [elektronikus dokumentum] :
|b [absztrakt] /
|c Kolek Alina Dóra
|
| 260 |
|
|
|a Szegedi Tudományegyetem Bölcsészet- és Társadalomtudományi Kar
|b Szeged
|c 2025
|
| 300 |
|
|
|a 81
|
| 490 |
0 |
|
|a Országos Tudományos Diákköri Konferencia : Humán Tudományi Szekció
|
| 650 |
|
4 |
|a Bölcsészettudományok
|
| 650 |
|
4 |
|a Nyelvek és irodalom
|
| 695 |
|
|
|a Angol irodalom története - 21. sz. - előadáskivonat, Műelemzés - angol - előadáskivonat, Gyerekirodalom - előadáskivonat, Ifjúsági irodalom - előadáskivonat
|
| 710 |
|
|
|a Országos Tudományos Diákköri Konferencia (37.)
|c Szeged
|
| 856 |
4 |
0 |
|u http://acta.bibl.u-szeged.hu/87461/1/otdk_2025_human_081.pdf
|z Dokumentum-elérés
|